[Event "64th ch-GEO w"]
[Site "Tbilisi GEO"]
[Date "2007.03.10"]
[Round "8"]
[White "Melia,S"]
[Black "Javakhishvili,L"]
[Result "0-1"]
[WhiteElo "2400"]
[BlackElo "2421"]

1.e4 c5 2.Nf3 e6 3.d4 cxd4 4.Nxd4 Nc6 5.Nc3 Qc7 6.Be3 a6 7.Qd2 Nf6 8.O-O-O Be7
9.f3 O-O 10.g4 b5 11.g5 Ne8 12.Kb1 Bb7 13.h4 Rc8 14.Bd3 Ne5 15.Qf2 b4 16.Na4 d5
17.h5 dxe4 18.Bxe4 Bxe4 19.fxe4 Ng4 20.Qe2 Nxe3 21.Qxe3 Nd6 22.g6 h6 23.Qb3 Nc4
24.gxf7+ Rxf7 25.Nxe6 Qe5 26.Nec5 Rxc5 27.Nxc5 Qxc5 28.Rd5 Qxd5  0-1

[Event "ch-TUR"]
[Site "Ankara TUR"]
[Date "2007.03.11"]
[Round "11"]
[White "Atakisi,U"]
[Black "Can,E"]
[Result "1/2-1/2"]
[WhiteElo "2384"]
[BlackElo "2409"]

1.e4 c5 2.Nf3 Nc6 3.Nc3 e6 4.d4 cxd4 5.Nxd4 Nf6 6.Ndb5 Bb4 7.a3 Bxc3+ 8.Nxc3 d5
9.exd5 exd5 10.Bd3 O-O 11.O-O h6 12.h3 d4 13.Ne2 Re8 14.Re1 a5 15.Ng3 Rxe1+
16.Qxe1 Be6 17.Bd2 a4 18.Rd1 Qb6 19.Ne4 Nd7 20.Bb4 Nde5 21.Nc5 Nxd3 22.Nxd3 Bf5
23.Rd2 Qb5 24.Qe2 Rc8 25.Nf4 Qxe2 26.Nxe2 Nxb4 27.axb4 Bxc2 28.Nxd4 Bg6 29.Nf3 Rc4
30.Rd8+ Kh7 31.Rd4 Rc2 32.Rd2 Rc4 33.Rd4 Rc2  1/2-1/2

[Event "TCh-BEL 2006-7"]
[Site "Belgium BEL"]
[Date "2007.03.11"]
[Round "10"]
[White "Steingrimsson,H"]
[Black "Van Mil,J"]
[Result "1-0"]
[WhiteElo "2482"]
[BlackElo "2372"]

1.e4 c5 2.Nf3 e6 3.d4 cxd4 4.Nxd4 Nc6 5.Nc3 Qc7 6.Be3 a6 7.Bd3 Nf6 8.O-O Ne5
9.Nf3 Nfg4 10.Nxe5 Nxe3 11.Qh5 g6 12.Qf3 Qxe5 13.fxe3 f6 14.Qxf6 Qxf6 15.Rxf6 Bg7
16.Rf3 b5 17.Raf1 Be5 18.Nd1 Ra7 19.c3 d6 20.Nf2 Re7 21.Ng4 Bg7 22.Nf6+ Kd8
23.Rh3 e5 24.Rhf3 Be6 25.Bc2 Rf7 26.Bb3 Bxb3 27.axb3 Rxf6 28.Rxf6 Bxf6 29.Rxf6 Ke7
30.Rf1 b4 31.Ra1 Rb8 32.c4 Rb6 33.g4 Rc6 34.Kf2 Kf6 35.Kg3 g5 36.Kf3 h6 37.Ke2 Kg7
38.Kd3 Kf6 39.Ra4 Rb6 40.Ra5 Ke6 41.Ra1 Rc6 42.h3 Ke7 43.Ra5 Kd7 44.Ra2 Ke7
45.Ra1 Kd7 46.Ke2 Ke6 47.Kf3 Kf6 48.Kg3 Kg7 49.Ra4 Rb6 50.Ra5 Rc6 51.Kh2 Kg6
52.Kh1 h5 53.Kg2 h4 54.Ra1 Rb6 55.Kf3 Kf7 56.Ke2 Ke6 57.Kd3 Rc6 58.Ra5 Kd7
59.Ra4 Rb6 60.Ra1 Rc6 61.Rf1 Rc8 62.Rf5 Rg8 63.c5 Kc6 64.cxd6 Kxd6 65.Kc4 Rc8+
66.Kxb4 Rc2 67.Rxg5 Rh2 68.Rg6+ Kd7 69.Kc4 Rxh3 70.Kd3 Rh2 71.Rxa6 Rxb2 72.Kc4 h3
73.Rh6 h2 74.b4 Rd2 75.b5 Kc7 76.Kc5 Kd7  1-0

[Event "FSGM March"]
[Site "Budapest HUN"]
[Date "2007.03.12"]
[Round "10"]
[White "Potapov,P"]
[Black "Bosiocic,Mari"]
[Result "0-1"]
[WhiteElo "2380"]
[BlackElo "2474"]

1.e4 c5 2.Nf3 e6 3.d4 cxd4 4.Nxd4 Nc6 5.Nc3 Qc7 6.g3 a6 7.Bg2 d6 8.O-O Bd7
9.h3 Nf6 10.b3 Be7 11.Nce2 b5 12.Bb2 Rc8 13.Rc1 Nxd4 14.Nxd4 O-O 15.Qe2 Qa5
16.a3 Qb6 17.g4 h6 18.Kh1 Rfe8 19.f4 e5 20.Nf5 Bxf5 21.exf5 exf4 22.Rce1 d5
23.Qd3 Bc5 24.Bxd5 Rxe1 25.Rxe1 Be3 26.Bg2 Rd8 27.Qf1 Qd6 28.Bf3 Qe7 29.Rd1 Rxd1
30.Qxd1 Ne4 31.f6 Nxf6 32.Kg2 Kf8 33.Bc3 Qxa3 34.Qd3 Qe7 35.Be1 Bc5 36.Kf1 Nd7
37.Qe4 Qxe4 38.Bxe4 b4 39.Ke2 Ne5 40.Bd2 g5 41.Bc1 Bd4 42.Bd2 a5 43.Be1 Ke8
44.Bf5 Ke7 45.h4 f3+ 46.Kf1 f2 47.Bxf2 Bxf2 48.Kxf2 gxh4  0-1

[Event "I Open"]
[Site "La Laguna ESP"]
[Date "2007.03.12"]
[Round "9"]
[White "Barlov,D"]
[Black "Kraus,O"]
[Result "1-0"]
[WhiteElo "2439"]
[BlackElo "2124"]

1.e4 c5 2.Nf3 e6 3.Nc3 Nc6 4.d4 cxd4 5.Nxd4 Qc7 6.Be3 a6 7.f4 b5 8.Nf3 Bb7
9.Bd3 Nf6 10.Qe2 Be7 11.O-O Ng4 12.Bd2 h5 13.Kh1 g5 14.e5 d6 15.exd6 Qxd6
16.Ne4 Qc7 17.Nexg5 Nd4 18.Nxd4 Bxg5 19.Be4 Bf6 20.Nb3 Bxe4 21.Qxe4 Rc8 22.c3 Qb6
23.Qe2 Rc4 24.Nc1 Ke7 25.Nd3 Rd8 26.Ne5 Rcc8 27.Nxg4 hxg4 28.Be3 Qc6 29.Qxg4 Rd3
30.Qe2 Qe4 31.Bc5+  1-0

[Event "ch-RUS U20"]
[Site "Saint Petersburg RUS"]
[Date "2007.03.12"]
[Round "3"]
[White "Chadaev,N"]
[Black "Krapivin,A"]
[Result "1/2-1/2"]
[WhiteElo "2484"]
[BlackElo "2478"]

1.e4 c5 2.Nf3 e6 3.Nc3 Nc6 4.d4 cxd4 5.Nxd4 Nf6 6.Nxc6 bxc6 7.e5 Nd5 8.Ne4 Bb7
9.Be2 c5 10.O-O Qc7 11.Nd6+ Bxd6 12.exd6 Qc6 13.f3 c4 14.Qd4 O-O 15.Bxc4 Rfc8
16.Bb3 Qxd6 17.Rd1 Qb6 18.Qxb6 Nxb6 19.Rd6 Rc6 20.Bf4 Rxd6 21.Bxd6 a5 22.Bc5 Nc4
23.Bxc4 Rc8 24.Rd1 d5 25.Rd3 Rxc5 26.Rb3 Rxc4 27.Rxb7 g6 28.c3 d4 29.cxd4 Rxd4
30.Kf2 Rd2+ 31.Kg3 a4 32.Rb4 a3 33.bxa3 Rxa2 34.Rb8+ Kg7 35.Ra8 h5  1/2-1/2

[Event "ch-POL w"]
[Site "Barlinek POL"]
[Date "2007.03.13"]
[Round "6"]
[White "Zawadzka,J"]
[Black "Przezdziecka,M"]
[Result "1/2-1/2"]
[WhiteElo "2350"]
[BlackElo "2304"]

1.e4 c5 2.Nf3 Nc6 3.d4 cxd4 4.Nxd4 e6 5.Nc3 d6 6.Be3 Nf6 7.f3 Be7 8.Qd2 O-O
9.O-O-O d5 10.exd5 Nxd5 11.Nxd5 Qxd5 12.c4 Qd6 13.Nxc6 Qxc6 14.Kb1 e5 15.Bd3 Be6
16.Qc2 h6 17.Be4 Qa6 18.Bd5 Rac8 19.Qb3 Rc7 20.Rc1 Rfc8 21.Rhd1 Bf5+ 22.Ka1 Bd7
23.Qd3 Ba4 24.Rf1 Rd8 25.Kb1 b5 26.Qf5 Bf6 27.Qg4 bxc4 28.Bxc4 Bb5 29.Bxb5 Qxb5
30.Qe4 Rb7 31.Rf2 Rdb8 32.Rc5 Qd7 33.Rd2 Qe7 34.Rdc2 Qd8 35.a3 Be7 36.Rd5 Qf8
37.Ka2 Rb3 38.Bc1 Bf6 39.Qc4 Qe7 40.Rc5 R3b7 41.b4 Rd7 42.Rc7 Rbd8 43.Be3 Rxc7
44.Qxc7 Rd7 45.Qc8+ Kh7 46.Qc4 g6 47.Rd2 Rxd2+ 48.Bxd2 Bg7 49.Bc3 Qg5 50.g3 Qe3
51.f4 e4 52.Bxg7 Kxg7 53.Qd5 Qe2+ 54.Kb3 e3 55.Qe5+ Kh7 56.Qd5 Kg8 57.Qd8+  1/2-1/2

[Event "ch-POL w"]
[Site "Barlinek POL"]
[Date "2007.03.15"]
[Round "8"]
[White "Dworakowska,J"]
[Black "Przezdziecka,M"]
[Result "0-1"]
[WhiteElo "2376"]
[BlackElo "2304"]

1.e4 c5 2.Nf3 e6 3.d4 cxd4 4.Nxd4 Nc6 5.Nc3 d6 6.g4 a6 7.Be3 Nge7 8.Nb3 b5
9.a3 Bb7 10.Bg2 Ng6 11.Qe2 Nh4 12.Bh3 Ne5 13.O-O-O Nc4 14.f4 Rc8 15.Rd3 Be7
16.Rhd1 O-O 17.Kb1 Qc7 18.Bc1 Bf6 19.g5 Bxc3 20.bxc3 Ng6 21.Bg2 a5 22.h4 Rfe8
23.h5 Nf8 24.Rh3 Ba6 25.Qf2 Rb8 26.f5 b4 27.axb4 axb4 28.f6 g6 29.cxb4 Rxb4
30.Rf1 Ne5 31.Rfh1 Bd3 32.Rxd3 Nxd3 33.Qd2 Qc4 34.hxg6 Rxb3+ 35.cxb3 Qxb3+
36.Bb2 Rb8 37.gxf7+ Kxf7 38.Rxh7+ Nxh7 39.g6+ Kxg6  0-1

[Event "60th ch-RUS sf Urals"]
[Site "Nizhnij Tagil RUS"]
[Date "2007.03.16"]
[Round "3"]
[White "Matvienko,I"]
[Black "Krutko,A"]
[Result "0-1"]
[WhiteElo "2192"]
[BlackElo "2351"]

1.e4 c5 2.Nf3 e6 3.d4 cxd4 4.Nxd4 Nc6 5.Nc3 Qc7 6.Be2 Nf6 7.O-O a6 8.Be3 Bb4
9.Na4 Be7 10.Nxc6 bxc6 11.Qd4 Rb8 12.c4 c5 13.Qd3 d6 14.b3 O-O 15.Rad1 Bb7
16.Nc3 Rfd8 17.Qc2 Nd7 18.f4 Rbc8 19.Bf3 Nb8 20.g4 Nc6 21.g5 Nd4 22.Bxd4 cxd4
23.Na4 d5 24.exd5 Qxf4 25.Bg2 Qxg5 26.Rxd4 exd5 27.Kh1 Bc6 28.Qf2 Bf6 29.Rd3 Bxa4
30.Rg3 Qe5 31.Bxd5 Rxd5 32.cxd5 Qxd5+ 33.Qg2 Bc6  0-1

[Event "Agzamov Mem"]
[Site "Tashkent UZB"]
[Date "2007.03.16"]
[Round "1"]
[White "Nazarov,E"]
[Black "Fominyh,A"]
[Result "0-1"]
[WhiteElo "2215"]
[BlackElo "2513"]

1.e4 c5 2.Nf3 Nc6 3.d4 cxd4 4.Nxd4 e6 5.Nc3 a6 6.Nxc6 bxc6 7.Bd3 d5 8.O-O Nf6
9.Qe2 Be7 10.b3 O-O 11.Bb2 Nd7 12.Na4 Bf6 13.e5 Be7 14.c4 a5 15.f4 Nb6 16.Nc3 a4
17.Rad1 g6 18.Bb1 Qc7 19.Rf3 Rd8 20.h4 dxc4 21.h5 cxb3 22.hxg6 fxg6 23.Bxg6 hxg6
24.Rg3 Kf7 25.Ne4 Ba6 26.Qg4 Rxd1+ 27.Qxd1 Rg8 28.Rh3 Nd5 29.Rh7+ Ke8 30.Kh2 Rf8
31.Qg4 Kd8 32.axb3 axb3 33.g3 Bc8 34.Ba3 Bxa3 35.Rxc7 Kxc7 36.Qf3 b2 37.Nd2 Rh8+
38.Kg2 Bb4 39.Nb1 c5 40.Qb3 Bb7 41.Kf3 Rh1 42.Qxb2 Rxb1 43.Qc2 Rf1+  0-1

[Event "VS Arhipov Mem"]
[Site "Chelyabinsk RUS"]
[Date "2007.03.17"]
[Round "9"]
[White "Ponkratov,P"]
[Black "Korchnoi,V"]
[Result "1/2-1/2"]
[WhiteElo "2469"]
[BlackElo "2629"]

1.e4 c5 2.Nf3 e6 3.d4 cxd4 4.Nxd4 Nc6 5.Nc3 d6 6.g4 a6 7.Bg2 Nxd4 8.Qxd4 Ne7
9.f4 e5 10.Qf2 exf4 11.g5 Be6 12.Bxf4 Ng6 13.O-O-O Nxf4 14.Qxf4 Be7 15.h4 Qa5
16.Rd5 Qc7 17.Rd3 Rc8 18.Bh3 Qc5 19.Bxe6 fxe6 20.Qg4 Kd7 21.Re1 h5 22.Qh3 Rhf8
23.e5 Qf2 24.Kd1 Qf5 25.Qxf5 Rxf5 26.exd6 Bxd6 27.Re4 Rc6 28.Ne2 Rf1+ 29.Kd2 Rb6
30.b3 Ke7 31.Nd4 Bb4+ 32.c3 Bc5 33.b4 Bxd4 34.Rexd4 Kf7 35.a4 Rf2+ 36.Ke3 Rh2
37.Rf4+ Kg6 38.Rd7 Rc6 39.c4 e5 40.Rff7 Rxc4 41.Rxg7+ Kf5 42.Rgf7+ Kg4 43.g6 Kxh4
44.g7 Rg2 45.Rxb7 Rg3+ 46.Kd2 e4 47.Rb8 Rd3+ 48.Ke2 Rc2+ 49.Ke1 Ra3 50.Rd8 Rg2
51.Rf4+ Kh3 52.g8=Q Ra1+ 53.Rd1 Rxd1+ 54.Kxd1 Rxg8 55.Rxe4 Kg3 56.Re3+ Kf4
57.Re6 Rb8  1/2-1/2

[Event "Bundesliga 2006-7"]
[Site "Muelheim GER"]
[Date "2007.03.17"]
[Round "12"]
[White "Saltaev,M"]
[Black "Ribli,Z"]
[Result "1/2-1/2"]
[WhiteElo "2514"]
[BlackElo "2588"]

1.e4 c5 2.Nf3 e6 3.d4 cxd4 4.Nxd4 Nc6 5.Nc3 Qc7 6.Be3 a6 7.f4 Nxd4 8.Qxd4 b5
9.Bd3 Ne7 10.O-O-O Nc6 11.Qb6 Qxb6 12.Bxb6 Rb8 13.Bf2 d6 14.g4 Be7 15.Rde1 g5
16.f5 Bf6 17.Ne2  1/2-1/2

[Event "Bundesliga 2006-7"]
[Site "Muelheim GER"]
[Date "2007.03.17"]
[Round "12"]
[White "Wegener,O"]
[Black "Teske,H"]
[Result "1/2-1/2"]
[WhiteElo "2404"]
[BlackElo "2524"]

1.e4 c5 2.Nf3 Nc6 3.Nc3 e6 4.d4 cxd4 5.Nxd4 Qc7 6.Be3 a6 7.Qd2 Nxd4 8.Bxd4 Ne7
9.Qe3 b5 10.O-O-O Bb7 11.Kb1 Rc8 12.Bd3 Nc6 13.Bb6 Qb8 14.f4 Be7 15.Be2 Bd8
16.Bf3 Bxb6 17.Qxb6 Qc7 18.Qxc7 Rxc7 19.e5 Ke7 20.Rd2 Na5 21.Bxb7 Nxb7 22.Ne4 Rc4
23.Re1 f5 24.exf6+ gxf6 25.Nc3 Rd8 26.Nd5+ Kf7 27.b3 Rc5 28.Nb4 a5 29.Nd3 Rd5
30.Kb2 Nd6 31.Red1 Ke7 32.Nf2 Rxd2 33.Rxd2 Rg8 34.g3 Rc8 35.c3 Rc5 36.Rxd6 Kxd6  1/2-1/2

[Event "ch-RUS U20"]
[Site "Saint Petersburg RUS"]
[Date "2007.03.17"]
[Round "7"]
[White "Lanin,A"]
[Black "Vitiugov,N"]
[Result "1/2-1/2"]
[WhiteElo "2465"]
[BlackElo "2604"]

1.e4 c5 2.Nf3 e6 3.d4 cxd4 4.Nxd4 Nc6 5.Nc3 Qc7 6.f4 a6 7.Nxc6 Qxc6 8.Bd3 b5
9.Qe2 Bb7 10.a3 Be7 11.Be3 Rc8 12.O-O Nf6 13.e5 Nd5 14.Nxd5 Qxd5 15.a4 Bc5
16.Bxc5 Qxc5+ 17.Qf2 Qxf2+ 18.Rxf2 Bc6 19.axb5 axb5 20.Ra5 b4 21.Rd2 Ke7
22.Kf2 Ra8  1/2-1/2

[Event "Bundesliga 2006-7"]
[Site "Bindlach GER"]
[Date "2007.03.18"]
[Round "13"]
[White "Naiditsch,A"]
[Black "Laznicka,V"]
[Result "1/2-1/2"]
[WhiteElo "2663"]
[BlackElo "2593"]

1.e4 c5 2.Nf3 e6 3.d4 cxd4 4.Nxd4 Nc6 5.Nc3 a6 6.Be3 Nf6 7.Qd2 Bb4 8.Bd3 d5
9.a3 Qa5 10.exd5 Bxc3 11.bxc3 Qxd5 12.c4 Qd7 13.Nxc6 Qxc6 14.Bd4 O-O 15.Bxf6 gxf6
16.Qh6 f5 17.Qg5+ Kh8 18.Qf6+ Kg8 19.O-O-O Re8 20.Be2 e5 21.Rd6 Qc5 22.Bh5 Qxc4
23.Re1 Be6 24.Re3 Rac8 25.Bxf7+ Bxf7 26.Rg3+ Kf8 27.Qg7+ Ke7 28.Qxe5+ Be6
29.Rg7+ Kf8 30.Qf6+ Bf7 31.Rxf7+ Qxf7 32.Qh8+ Ke7 33.Qe5+ Kf8 34.Qh8+  1/2-1/2

[Event "60th ch-RUS sf Urals"]
[Site "Nizhnij Tagil RUS"]
[Date "2007.03.18"]
[Round "5"]
[White "Kolomensky,V"]
[Black "Lobov,D"]
[Result "0-1"]
[WhiteElo "2257"]
[BlackElo "2152"]

1.e4 c5 2.Nf3 e6 3.Nc3 Nc6 4.d4 cxd4 5.Nxd4 Nf6 6.Nxc6 bxc6 7.e5 Nd5 8.Ne4 Qc7
9.f4 Qa5+ 10.c3 Be7 11.Bd3 Qb6 12.Qe2 Rb8 13.a3 f5 14.Nf2 c5 15.c4 Nc7 16.Bd2 Qc6
17.O-O-O O-O 18.g4 d5 19.gxf5 Qb6 20.Be1 dxc4 21.Bxc4 Rxf5 22.Nd3 Nb5 23.Bf2 Nd4
24.Qg4 Rxf4 25.Qg2 Bb7 26.Bxd4 Bxg2 27.Nxf4 cxd4  0-1

[Event "Bundesliga 2006-7"]
[Site "Solingen GER"]
[Date "2007.03.18"]
[Round "13"]
[White "Stellwagen,D"]
[Black "Kalinitschew,S"]
[Result "1-0"]
[WhiteElo "2585"]
[BlackElo "2471"]

1.e4 c5 2.Nf3 e6 3.d4 cxd4 4.Nxd4 Nc6 5.Nc3 Qc7 6.Be2 a6 7.O-O Nf6 8.Be3 Bb4
9.Na4 Be7 10.Nxc6 bxc6 11.Nb6 Rb8 12.Nxc8 Qxc8 13.Bd4 c5 14.Be5 Rb6 15.Qd3 d6
16.Bc3 O-O 17.Qg3 d5 18.exd5 exd5 19.b3 d4 20.Ba5 Re6 21.Bc4 Rc6 22.Rae1 Bd6
23.f4 Qd7 24.Qf3 Rcc8 25.a4 Qa7 26.g4 Qd7 27.f5 h6 28.h4 Bb8 29.g5 Qd6 30.Rf2 Nd7
31.gxh6 Qxh6 32.Bd2 Qxh4 33.Re4 Qh7 34.Bg5 Ne5 35.Qe2 Qh3 36.Rh4 Qg3+ 37.Rg2 Nf3+
38.Kf1 d3 39.Bxd3 Nxg5 40.Rxg3 Bxg3 41.Rh1  1-0

[Event "Open"]
[Site "Zagreb CRO"]
[Date "2007.03.18"]
[Round "2"]
[White "Ikica,A"]
[Black "Frank,V"]
[Result "0-1"]
[WhiteElo "2097"]
[BlackElo "2287"]

1.e4 c5 2.Nc3 Nc6 3.Nge2 e6 4.d4 cxd4 5.Nxd4 a6 6.Bc4 Qc7 7.Bb3 Nf6 8.Be3 b5
9.a3 Bb7 10.O-O Na5 11.Qf3 Be7 12.Rfd1 O-O 13.Nde2 Nxb3 14.cxb3 d5 15.exd5 Nxd5
16.Bd4 Nxc3 17.Qxc3 Qxc3 18.Bxc3 Bd5 19.b4 Rfd8 20.Nf4 Bb3 21.Rxd8+ Rxd8
22.Nh5 f6 23.Ng3 f5 24.Kf1 Kf7 25.Ke1 g6 26.Ne2 Bf6 27.Bxf6 Kxf6 28.Nc3 Rd4
29.Ke2 e5 30.Rc1 g5 31.f3 h5 32.Re1 Bc4+ 33.Kf2 Rd2+ 34.Kg1 Rxb2 35.Rc1 g4
36.a4 Rxb4 37.axb5 axb5 38.Ra1 gxf3 39.gxf3 Rb3 40.Rc1 Rb2 41.h4 Ke6 42.Nd1 Re2
43.Nc3 Rd2 44.Rb1 Rd3 45.Nxb5 Rxf3 46.Nc7+ Kd6 47.Ne8+ Kc5 48.Ng7 Rg3+  0-1

[Event "60th ch-RUS sf Urals"]
[Site "Nizhnij Tagil RUS"]
[Date "2007.03.19"]
[Round "6"]
[White "Ovetchkin,R"]
[Black "Krutko,A"]
[Result "1-0"]
[WhiteElo "2534"]
[BlackElo "2351"]

1.e4 c5 2.Nf3 e6 3.d4 cxd4 4.Nxd4 Nc6 5.Nc3 Qc7 6.Be3 Nf6 7.f4 d6 8.Qf3 a6
9.O-O-O Be7 10.Rg1 O-O 11.g4 Nxd4 12.Bxd4 b5 13.g5 Nd7 14.Qh5 Bb7 15.Rd3 Rfc8
16.Rh3 Nf8 17.Bd3 e5 18.Be3 b4 19.Nd5 Bxd5 20.exd5 g6 21.Qh6 f5 22.gxf6 Bxf6
23.f5 Bg7 24.fxg6 hxg6 25.Rxg6 Nxg6 26.Qxg6 e4 27.Bxe4  1-0

[Event "71st ch-BUL"]
[Site "Pernik BUL"]
[Date "2007.03.19"]
[Round "12"]
[White "Drenchev,P"]
[Black "Nikolov,Sas"]
[Result "1/2-1/2"]
[WhiteElo "2430"]
[BlackElo "2380"]

1.e4 c5 2.Nc3 e6 3.Nf3 Nc6 4.d4 cxd4 5.Nxd4 Qc7 6.Be3 a6 7.Qd2 b5 8.O-O-O Nf6
9.Bf4 Qb6 10.Nb3 Ng4 11.Be2 Nge5 12.Nd5 Qb8 13.Ne3 Bb4 14.c3 Be7 15.Bg3 b4
16.f4 bxc3 17.Qxc3 Bb4 18.Qc2 Ng6 19.e5 Be7 20.Kb1 Nb4 21.Qd2 O-O 22.h4 Rd8
23.h5 Nf8 24.Bh4 Bxh4 25.Rxh4 a5 26.Qd6 Ba6 27.Bf3 Qxd6 28.Rxd6 Rac8 29.Rxa6 Nxa6
30.Bb7 Nc5 31.Bxc8 Nxb3 32.axb3 Rxc8 33.Rh1 f6 34.Rc1 Rb8 35.Ka2 Rb5 36.Nc4 Rd5
37.Ka3 Kf7 38.g3 g6 39.Nd6+ Ke7 40.Nc8+ Kf7 41.Nd6+ Ke7 42.Nc8+ Kf7 43.Nd6+  1/2-1/2

[Event "zt 2.5 w"]
[Site "San Luis ARG"]
[Date "2007.03.19"]
[Round "1"]
[White "Nejanky,M"]
[Black "Amura,C"]
[Result "0-1"]
[WhiteElo "2068"]
[BlackElo "2357"]

1.e4 c5 2.Nf3 Nc6 3.d4 cxd4 4.Nxd4 e6 5.Nc3 Nf6 6.Nxc6 bxc6 7.e5 Nd5 8.Ne4 Qc7
9.f4 c5 10.c4 Nb4 11.a3 Qb7 12.Nc3 Nc6 13.Bd3 Rb8 14.Be4 Qb6 15.Be3 Na5 16.Na4 Qc7
17.Rc1 Ba6 18.Bd3 Qc6 19.O-O Nb3 20.Rc3 Qxa4 21.f5 Be7 22.fxe6 fxe6 23.Qh5+ Kd8
24.Bg5 Bxg5 25.Qxg5+ Kc7 26.Bc2 Rb6 27.Qe3 Rhb8 28.Bxb3 Rxb3 29.Qxc5+ Qc6
30.Qa5+ Qb6+ 31.Qxb6+ R8xb6 32.c5 Rb8  0-1

[Event "60th ch-RUS sf Urals"]
[Site "Nizhnij Tagil RUS"]
[Date "2007.03.20"]
[Round "7"]
[White "Sorokin,M"]
[Black "Krutko,A"]
[Result "1-0"]
[WhiteElo "2547"]
[BlackElo "2351"]

1.e4 c5 2.Nf3 e6 3.d4 cxd4 4.Nxd4 Nc6 5.Nc3 Qc7 6.f4 a6 7.Nxc6 bxc6 8.e5 d6
9.exd6 Bxd6 10.Ne4 Bb4+ 11.c3 Be7 12.Bd3 Nf6 13.O-O O-O 14.Nxf6+ Bxf6 15.Be3 c5
16.Qh5 g6 17.Qxc5 Qb8 18.Bd4 Bxd4+ 19.Qxd4 Ra7 20.b4 Rd7 21.Qe3 Rfd8 22.Rfd1 a5
23.b5 Bb7 24.c4 Qa8 25.Be2 Bxg2 26.Rxd7 Rxd7 27.c5 a4 28.Rc1 Rc7 29.c6 Bxc6
30.Kf2 Qb7 31.Qc5 Bh1 32.Qxc7 Qg2+ 33.Ke3 Qe4+ 34.Kd2 Qd4+ 35.Bd3 Be4  1-0

[Event "ch-RUS U20"]
[Site "Saint Petersburg RUS"]
[Date "2007.03.20"]
[Round "10"]
[White "Romanov,E"]
[Black "Iljin,A"]
[Result "1/2-1/2"]
[WhiteElo "2501"]
[BlackElo "2529"]

1.e4 c5 2.Nf3 e6 3.d4 cxd4 4.Nxd4 Nc6 5.Nc3 d6 6.Be3 Nf6 7.f4 e5 8.fxe5 dxe5
9.Ndb5 Bd7 10.Bc4 a6 11.Nd6+ Bxd6 12.Qxd6 Be6 13.Qxd8+ Rxd8 14.Bxe6 fxe6
15.Bb6 Rd7  1/2-1/2

[Event "zt 2.5 m"]
[Site "San Luis ARG"]
[Date "2007.03.20"]
[Round "2"]
[White "Torres Auro,A"]
[Black "Lafuente,P"]
[Result "0-1"]
[WhiteElo "2210"]
[BlackElo "2455"]

1.e4 c5 2.Nf3 e6 3.Nc3 Nc6 4.d4 cxd4 5.Nxd4 Qc7 6.Be2 a6 7.O-O Nf6 8.Nxc6 bxc6
9.Be3 Rb8 10.Rb1 d5 11.Bf3 Bd6 12.h3 O-O 13.Re1 Rd8 14.exd5 cxd5 15.Bg5 Bh2+
16.Kh1 Bf4 17.Bxf4 Qxf4 18.Qe2 a5 19.Kg1 Bd7 20.g3 Qc7 21.Kh2 Rdc8 22.Qd3 Rb4
23.a3 Rc4 24.Be2 Qb6 25.Qf3 R4c5 26.Bd3 e5 27.Bf5 e4 28.Qf4 Bxf5 29.Qxf5 d4  0-1

[Event "zt 2.5 m"]
[Site "San Luis ARG"]
[Date "2007.03.21"]
[Round "4"]
[White "Duarte,L"]
[Black "Flores Rios,M"]
[Result "1/2-1/2"]
[WhiteElo "2419"]
[BlackElo "2320"]

1.e4 c5 2.Nf3 e6 3.d4 cxd4 4.Nxd4 Nc6 5.Nc3 Qc7 6.Be2 a6 7.O-O Nf6 8.Kh1 Nxd4
9.Qxd4 Bc5 10.Qd3 b5 11.Bg5 Bb7 12.f4 b4 13.e5 Nd5 14.Nxd5 Bxd5 15.Bf3 Bxf3
16.Rxf3 d6 17.f5 dxe5 18.fxe6 O-O 19.exf7+ Rxf7 20.Qd5 Rf8 21.Raf1 h6 22.Bxh6 gxh6
23.Qe6 Qb6 24.Qg4+ Rg7 25.Qc4+ Kh7 26.Rxf8 Bxf8 27.Rxf8 Qd4 28.Qxd4 exd4
29.Kg1 Rc7 30.Rf2 d3 31.cxd3 Rc1+ 32.Rf1 Rc2 33.Rb1 Rd2 34.g3 Kg6 35.d4 Rxd4
36.Rf1 a5 37.Kg2 a4 38.Rf4 Rd2+ 39.Rf2 Rd1 40.b3 a3 41.Kf3 h5 42.Ke3 Kg5
43.Rf4 Ra1 44.h4+ Kg6 45.Rxb4 Rxa2 46.g4 Rb2 47.Rb6+ Kg7 48.Kf4  1/2-1/2

[Event "Agzamov Mem"]
[Site "Tashkent UZB"]
[Date "2007.03.22"]
[Round "8"]
[White "Saidov,B"]
[Black "Galyamov,V"]
[Result "1-0"]
[WhiteElo "2297"]
[BlackElo "2238"]

1.e4 c5 2.Nf3 Nc6 3.Nc3 e6 4.d4 cxd4 5.Nxd4 a6 6.Be3 Nge7 7.Qd2 Nxd4 8.Bxd4 Nc6
9.Be3 Bb4 10.a3 Qa5 11.Be2 O-O 12.O-O Bxc3 13.bxc3 d5 14.exd5 exd5 15.Rfb1 Be6
16.Rxb7 Rfc8 17.a4 d4 18.Bxd4 Nxd4 19.Qxd4 Qxc3 20.Qxc3 Rxc3 21.Bd3 g6 22.h4 a5
23.h5 Kg7 24.Re1 Kf6 25.Re3 Ra3 26.Rf3+ Kg7 27.Rf4 Ra1+ 28.Kh2 Rd8 29.Rb5 Ra8
30.Kg3 Ra7 31.Rc5 Bd7 32.h6+ Kxh6 33.Rxf7 Rxa4 34.f4 Rd4 35.Rh5+  1-0

[Event "VIII Dos Hermanas Internet"]
[Site "ICC INT"]
[Date "2007.03.23"]
[Round "1.2"]
[White "Petrosian,TL"]
[Black "Jaracz,P"]
[Result "1-0"]
[WhiteElo "2592"]
[BlackElo "2483"]

1.e4 c5 2.Nf3 e6 3.Nc3 Nc6 4.d4 cxd4 5.Nxd4 d6 6.Be2 Nf6 7.O-O Be7 8.Be3 O-O
9.f4 e5 10.fxe5 dxe5 11.Nf5 Bxf5 12.Rxf5 Rc8 13.Kh1 Bb4 14.Nd5 Nxe4 15.Bf3 Nd6
16.Rh5 g6 17.Rh3 Nf5 18.Bf2 Bd6 19.c3 Ng7 20.Qc1 h5 21.Bh4 f6 22.Qh6 Ne7
23.Nxf6+ Kf7 24.Ne4 Rh8 25.Qc1 Qc7 26.Qc2 Ngf5 27.Qb3+ Kg7 28.Bf6+ Kh6 29.Qf7  1-0

[Event "VIII Dos Hermanas Internet"]
[Site "ICC INT"]
[Date "2007.03.23"]
[Round "1.1"]
[White "Zinchenko,Ya"]
[Black "Kogan,Ar"]
[Result "0-1"]
[WhiteElo "2507"]
[BlackElo "2566"]

1.e4 c5 2.Nf3 Nc6 3.d4 cxd4 4.Nxd4 e6 5.Nc3 Qc7 6.Be2 a6 7.O-O Bc5 8.Be3 Nce7
9.e5 b6 10.Bf3 Bb7 11.Re1 Ng6 12.Be4 Bxe4 13.Nxe4 Nxe5 14.Bf4 d6 15.Nxc5 Qxc5
16.Bxe5 dxe5 17.Qf3 Rc8 18.Nb3 Qc7 19.Qe2 Ne7 20.Qxa6 O-O 21.c3 Rfd8 22.Qe2 Rd5
23.Rad1 Ng6 24.Rxd5 exd5 25.Qb5 Rd8 26.Rd1 Ne7 27.a4 Ra8 28.Ra1 h6 29.h3 Qd6
30.Rd1 Qe6 31.Re1 Ng6 32.Nd4 Qd6 33.Nf5 Qe6 34.Nd4 Qd6 35.Nc6 Rc8 36.Nb4 Ne7
37.Rd1 d4 38.cxd4 exd4 39.Nd3 Ng6 40.Qb4 Qxb4 41.Nxb4 Rc4 42.Nd5 Rxa4 43.Nxb6 Rb4
44.Nd5 Rxb2 45.Rxd4 Ne5 46.Nf4 g5 47.Nd3 Rd2 48.Rd5 Nxd3 49.Kh2 Rd1 50.Kg3 Kg7
51.h4 gxh4+ 52.Kxh4 Rh1+ 53.Kg3 Nb4 54.Rd4 Rb1 55.Rc4 Nd5 56.Rd4 Nf6 57.f3 Rb5
58.Rc4 Rf5 59.Kf2 h5 60.Rh4 Kg6 61.Rd4 Ng4+ 62.Kg3 Ne5 63.Rd5 f6 64.Rd8 Nf7
65.Rg8+ Kh7 66.Rf8 Rg5+ 67.Kf4 Kg7 68.g3 Kxf8  0-1

[Event "VIII Dos Hermanas Internet"]
[Site "ICC INT"]
[Date "2007.03.23"]
[Round "2.4"]
[White "Kamsky,G"]
[Black "Ibrahimov,R"]
[Result "1/2-1/2"]
[WhiteElo "2705"]
[BlackElo "2530"]

1.e4 c5 2.Nf3 e6 3.d4 cxd4 4.Nxd4 Nc6 5.Nc3 a6 6.Be2 d6 7.O-O Nf6 8.Be3 Bd7
9.Kh1 Be7 10.f4 O-O 11.Qe1 b5 12.a3 Qb8 13.Qg3 b4 14.axb4 Qxb4 15.Nxc6 Bxc6
16.e5 Ne4 17.Nxe4 Bxe4 18.exd6 Bxd6 19.Rad1 Rad8 20.Rd4 Qb7 21.Rfd1 Be7 22.Rxd8 Rxd8
23.Rxd8+ Bxd8 24.Bd4 Bg6 25.Bd3 Bf6 26.Bxf6 gxf6 27.f5 Qxb2 28.h4 Qc1+ 29.Kh2 exf5
30.Bxa6 Qxc2 31.h5 f4 32.Qf3 Be4 33.Qg4+ Kf8 34.h6 Qxg2+ 35.Qxg2 Bxg2 36.Kxg2 Kg8
37.Kf3 f5 38.Kxf4 f6 39.Bc8 Kh8 40.Bxf5 Kg8 41.Ke4 Kh8 42.Kd5 Kg8 43.Ke6 Kh8
44.Ke7 Kg8  1/2-1/2

[Event "VIII Dos Hermanas Internet"]
[Site "ICC INT"]
[Date "2007.03.23"]
[Round "2.3"]
[White "Petrosian,TL"]
[Black "Golod,V"]
[Result "1-0"]
[WhiteElo "2592"]
[BlackElo "2597"]

1.Nf3 c5 2.e4 Nc6 3.Nc3 e6 4.d4 cxd4 5.Nxd4 a6 6.Be2 Nge7 7.Be3 Ng6 8.O-O d6
9.f4 Be7 10.Nf3 b5 11.a3 O-O 12.Kh1 Rb8 13.Bd3 b4 14.axb4 Nxb4 15.Be2 Bb7
16.f5 Ne5 17.Nd4 Bc8 18.Qd2 Bf6 19.Rad1 Qe7 20.h3 Rd8 21.Na4 Bd7 22.Nb6 Rxb6
23.fxe6 fxe6 24.Nf5 exf5 25.Bxb6 Nbc6 26.Bxd8 Qxd8 27.Qxd6 fxe4 28.Bc4+ Nxc4
29.Qd5+ Kh8 30.Qxc6 Ne5 31.Qxe4 Qc8 32.Qd5 h6 33.Rxf6 gxf6 34.Qd6 Kg7 35.Qe7+ Kg6
36.Rd6 Qh8 37.Qxe5  1-0

[Event "ch-KAZ"]
[Site "Astana KAZ"]
[Date "2007.03.24"]
[Round "5"]
[White "Stativkin,D"]
[Black "Kuderinov,K"]
[Result "1/2-1/2"]
[WhiteElo "2214"]
[BlackElo "2436"]

1.e4 c5 2.Nf3 e6 3.d4 cxd4 4.Nxd4 Nc6 5.Nc3 a6 6.Be3 Qc7 7.Bd3 Nf6 8.Qe2 b5
9.Nxc6 Qxc6 10.O-O-O b4 11.Nd5 Nxd5 12.exd5 Qxd5 13.Bc4 Qc6 14.Bd5 exd5 15.Bg5+ Qe6
16.Qd2 Bd6 17.Rhe1 Be5 18.Rxe5 Qxe5 19.Re1 Qe6 20.Qxb4 f6 21.Rxe6+ dxe6 22.Qd6 Kf7
23.Be3 e5 24.Qxd5+ Be6 25.Qb7+ Kg6 26.g4 Bxg4 27.Qg2 Kf5 28.f3 Bh5 29.Qh3+ Kg6
30.Qg3+ Kf7 31.Qh3 Kg6 32.Qg3+ Kf7 33.Qh3 Kg6 34.Qg3+  1/2-1/2

[Event "TCh-BEL 2006-7"]
[Site "Belgium BEL"]
[Date "2007.03.25"]
[Round "11"]
[White "Vandevoort,P"]
[Black "Goormachtigh,J"]
[Result "1/2-1/2"]
[WhiteElo "2392"]
[BlackElo "2235"]

1.e4 c5 2.Nf3 e6 3.Nc3 Nc6 4.d4 cxd4 5.Nxd4 Qc7 6.Be3 a6 7.Qd2 Nf6 8.O-O-O Bb4
9.f3 Ne5 10.Nb3 Be7 11.Qf2 b5 12.Bb6 Qb8 13.Na5 O-O 14.Kb1 Bb7 15.Bd4 Nc6
16.Nxb7 Qxb7 17.e5 Ne8 18.Bc5 f6 19.Bxe7 Nxe7 20.exf6 Nxf6 21.Bd3 b4 22.Ne2 Ned5
23.Qd4 a5 24.g4 Qa7 25.Qxa7 Rxa7 26.g5 Nh5 27.Be4 Ne3 28.Rde1 Ng2 29.Rd1 Ne3  1/2-1/2